000 00425nam a22001817a 4500
003 MPLRDC
005 20220104123516.0
008 210129b ||||| |||| 00| 0 eng d
020 _a7-80049-668-6
082 _a229.38 LY
100 _a李燕著
245 _a苦禅宗师艺缘录
_c
250 _a一版一刷
260 _a
_b国际文化出版公司
_c1991
300 _b
650 _a
942 _cBK
_o229.38 LY
999 _c11989
_d11979